000 00815nam a2200229 i 4500
001 106572
003 ES-MaACL
005 20230906184214.0
007 t|
008 061130s1975 sp a |||| | spa d
080 _a75.047(460)(083.824)
245 0 0 _aIndividuación del paisaje
_b: [exposición, Sala de Santa Catalina del Ateneo de Madrid, 27 mayo-27 junio de 1975].
260 _aMadrid :
_bAteneo de Madrid,
_c1975.
300 _a[12] p. :
_bil. ;
_c26 cm.
610 2 7 _aAteneo de Madrid-
_vExposiciones-
_y1970-1979.
_91921
650 4 _aPintura de paisaje-
_zEspaña-
_vExposiciones.
_9151044
655 7 _2tgfbne
_9193628
_aCatálogos de exposiciones
710 2 _aAteneo de Madrid.
_bSala de Santa Catalina.
_91964
852 _aES-MaACL
_j2209-F-45
942 _2udc
999 _c106572
_d106572